000 00472nam a2200181Ia 4500
001 4699
005 20260306145815.0
008 260306t2000||||xx |||||||||||||| ||spa||
041 _aESP
082 _a330.01
_bA59
100 _aAndía Valencia, Walter
_eAUT
245 0 _aProblemas de ingeniería económica:
_btécnicas para evaluar planes de inversión
260 _c2000
300 _aKurgan
_c20 cm.
650 _aGEN
654 _aCAN
942 _cLIB
_dJUS
_fJUS
_2ddc
_n
999 _c4699
_d4699